000 00703nam a2200253Ia 4500
003 OSt
005 20220918164930.0
006 a|||||r|||| 00| 0
007 ta
008 220917b |||||||| |||| 00| 0 eng d
020 _a0816632774 (hbk)
024 _a171,690
037 _cTextual
040 _aARTS
_cARTS
_beng
041 _2eng
_aeng
082 _aV6.N6, P0
100 _aMuseveni Yoweri K.
_921775
245 0 _aWhat is Africa's problem edited by Elizabeth Kanyogonya
260 _aMinneapolis
_bUniversity of Minnesota Press
_c2000
300 _axxix,261p.
_ccm.
650 _aHISTORY
942 _hV6.N6, P0
_cTEXL
_2CC
999 _c127495
_d127495